|
|
|
|
| LEADER |
00000nam a2200000 i 4500 |
| 001 |
1/79779 |
| 008 |
990506s1994 eng d |
| 020 |
|
|
|a 1-85628-906-0
|
| 035 |
|
|
|l 10050470
|
| 040 |
|
|
|a GR-MY-UA
|b gre
|e aacr
|
| 041 |
0 |
|
|a eng
|
| 082 |
0 |
|
|a 338.9
|
| 245 |
1 |
0 |
|a New borders and old barriers in spatial development /
|c edited by Peter Nijkamp
|
| 260 |
|
|
|a Aldershot :
|b Avebury ,
|c c1994
|
| 300 |
|
|
|a 265 p.
|
| 650 |
0 |
0 |
|a Regional planning.
|
| 700 |
1 |
|
|a Nijkamp, Peter.
|4 edt
|
| 852 |
|
|
|a INST
|b LESVOS
|e 19990506
|h 338.9 NEW
|p 005100016155
|q 005100016155
|t BK
|y 0
|
| 901 |
|
|
|a BIBL1-1999-2
|
| 909 |
|
|
|a Λ
|b 062312
|
| 922 |
|
|
|a 1ΕΛΗ
|b 199812
|c ΚΠΣ/ΤΓ
|d LEADER
|
| 950 |
|
|
|a 118-1998-10-19
|